| 000 | 00506 a2200181 4500 | ||
|---|---|---|---|
| 003 | OSt | ||
| 005 | 20260331104521.0 | ||
| 008 | 231201b |||||||| |||| 00| 0 eng d | ||
| 020 | _a9789356434301 | ||
| 040 | _coclc | ||
| 082 |
_a894.8123 _bIND/N |
||
| 100 |
_aIndugopan, G R _98021 |
||
| 245 |
_aNaalanchu Cheruppakkaar / _cG.R. Indugopan |
||
| 250 | _a2nd ed. | ||
| 260 |
_aKottayam: _bD C Books, _c2023 |
||
| 300 | _a120p. | ||
| 942 |
_2ddc _cBK _h894.8123 _iIND/N _k894.8123 _mIND/N |
||
| 999 |
_c43906 _d43906 |
||